Getting Skills Right: France
Gespeichert in:
| Format: | Buch |
|---|---|
| Sprache: | Englisch |
| Veröffentlicht: |
Paris
OECD
2017
|
| Schriftenreihe: | Getting Skills Right
|
| Schlagworte: | |
| Tags: |
Keine Tags, Fügen Sie das erste Tag hinzu!
|
MARC
| LEADER | 00000nam a2200000 4500 | ||
|---|---|---|---|
| 001 | 0242617 | ||
| 005 | 20240314122946.4 | ||
| 020 | |a 978-92-64-28418-0 | ||
| 041 | 0 | |a eng | |
| 044 | |a FR | ||
| 245 | 1 | 0 | |a Getting Skills Right: France |
| 264 | 1 | |a Paris |b OECD |c 2017 | |
| 300 | |a 75 s. | ||
| 490 | 1 | |a Getting Skills Right | |
| 830 | 0 | |a Getting Skills Right | |
| 610 | 2 | 0 | |a vývoj hospodársky |
| 610 | 2 | 0 | |a sily pracovné |
| 610 | 2 | 0 | |a zručnosti |
| 610 | 2 | 0 | |a dopyt |
| 610 | 2 | 0 | |a ponuka |
| 610 | 2 | 0 | |a trh práce |
| 610 | 2 | 0 | |a podpora vzdelávania |
| 610 | 2 | 0 | |a vzdelanie odborné |
| 610 | 2 | 0 | |a kvalita vzdelávania |
| 610 | 2 | 0 | |a vzdelávanie celoživotné |
| 610 | 2 | 0 | |a kariéra |
| 610 | 2 | 0 | |a nezamestnanosť |
| 610 | 2 | 0 | |a mládež |
| 610 | 2 | 0 | |a migrácia |
| 610 | 2 | 0 | |a ukazovatele |
| 610 | 2 | 0 | |a porovnanie štatistické medzinárodné |
| 610 | 2 | 0 | |a Francúzsko |